TV Show by Running Joke V Quiz Stats

Quiz Updated Dec 23, 2017

Challenge
Share
Tweet
Embed
Score 0/15 Timer 05:00
2 Plays Today
% Correct
The Flintstones
89%
Full House
84.9%
Whose Line Is It Anyway?
81.4%
The IT Crowd
74.5%
Portlandia
72.1%
Brooklyn Nine-Nine
60.5%
13 Reasons Why
51.8%
Phineas and Ferb
51.7%
% Correct
I Love Lucy
48.1%
Rick and Morty
46.7%
Sister, Sister
43.1%
The Good Place
41%
The Mary Tyler Moore Show
35.1%
Sense8
21.7%
The West Wing
20.6%

You're not logged in!

Compare scores with friends on all Sporcle quizzes.
Sign Up with Email
OR
Log In

You Might Also Like...

Show Comments

Extras

Top Quizzes Today


Score Distribution

Your Account Isn't Verified!

In order to create a playlist on Sporcle, you need to verify the email address you used during registration. Go to your Sporcle Settings to finish the process.